| 000 | 00351nam a22001577a 4500 | ||
|---|---|---|---|
| 003 | OSt | ||
| 008 | 250417b |||||||| |||| 00| 0 eng d | ||
| 020 | _a9789365894806 | ||
| 082 | _a005.133 KOG | ||
| 100 | _aKOMMADI,Bhagvan | ||
| 245 | _aGo Lang in Depth | ||
| 250 | _a1st Ed | ||
| 260 |
_aNew Delhi _bBPB _c2025 |
||
| 300 | _a416 | ||
| 942 |
_2ddc _cBK |
||
| 999 |
_c13316 _d13316 |
||